| 000 | 00000cam 2200000zi 4500 |
| 001 | 9.887500 |
| 003 | CaOODSP |
| 005 | 20260211130711 |
| 006 | m o d f |
| 007 | cr cn||||||||| |
| 008 | 200515t20212020oncao ob f000 0 fre d |
| 020 | |a9780660349657 |
| 040 | |aCaOODSP|bfre|erda|cCaOODSP |
| 043 | |an-cn--- |
| 086 | 1 |aT29-42/2021F-PDF |
| 245 | 00|aBouées privées guide du propriétaire : |bprogramme de protection de la navigation. |
| 264 | 1|aOttawa (Ontario) : |bTransports Canada = Transport Canada, |c[2021] |
| 264 | 4|c©2020 |
| 300 | |a1 ressource en ligne (23 pages) : |billustrations, photographies |
| 336 | |atexte|btxt|2rdacontent/fre |
| 337 | |ainformatique|bc|2rdamedia/fre |
| 338 | |aressource en ligne|bcr|2rdacarrier/fre |
| 500 | |aTitre de la couverture. |
| 500 | |aPublié aussi en anglais sous le titre : An owner's guide to private buoys : navigation protection program. |
| 504 | |aComprend des références bibliographiques (page 23). |
| 520 | |a« Dans le système canadien de navigation maritime, les bouées jouent un rôle important en ce qui concerne la sécurité et le bien-être des navigateurs. Des individus, des organisations, des sociétés ou d'autres groupes peuvent installer des « bouées privées » sur l'eau pour communiquer des renseignements à d'autres navigateurs » -- Introduction, page 2. |
| 530 | |aÉgalement publié en version imprimée. |
| 650 | 6|aBouées|zCanada. |
| 650 | 6|aBateaux de pêche|zCanada|xSécurité|xMesures. |
| 710 | 1 |aCanada. |bTransports Canada, |eorganisme de publication. |
| 775 | 08|tAn owner's guide to private buoys : |w(CaOODSP)9.887498 |
| 776 | 0#|tBouées privées : |w(CaOODSP)9.895483 |
| 794 | |tBouées privées guide du propriétaire : |b[Édition de 2025]|w(CaOODSP)9.951453 |
| 795 | |tBouées privées - guide du propriétaire |b2008|w(CaOODSP)9.636525 |
| 856 | 40|qPDF|s885 Ko|uhttps://publications.gc.ca/collections/collection_2021/tc/T29-42-2021-fra.pdf |
| 986 | |aTP 14799F (01/2020) TC-1002721 |